000234891 001__ 234891
000234891 005__ 20221001000501.0
000234891 0247_ $$2EXP:(Ds200)$$aEXP:(DE-Ds200)P208-20200803
000234891 035__ $$aEXP:(DE-Ds200)P208-20200803
000234891 150__ $$aP208: Combined laser-driven neutron and X-ray source for non-destructive material analysis (POF3-6211; PTA)
000234891 371__ $$aRoth, Markus
000234891 450__ $$0EXP:(DE-Ds200)PTA-20200803$$aPTA$$wt
000234891 450__ $$aP208$$wd
000234891 750_7 $$0V:(DE-HGF)12$$2V:(DE-HGF)$$aExperiment
000234891 751_7 $$2DE-HGF$$aIGN_4_I:(DE-H253)HAS-User-20120731 [DESY]
000234891 751_7 $$2DE-HGF$$aIGN_4_DESY [DESY]
000234891 751_7 $$2DE-HGF$$aIGN_4_DKFZ [DKFZ]
000234891 751_7 $$2DE-HGF$$aIGN_4_IMPULSE
000234891 751_7 $$2DE-HGF$$aIGN_4_DZNE [DZNE]
000234891 909CO $$ooai:repository.gsi.de:234891$$pauthority:Experiment$$pauthority
000234891 980__ $$aEXPERIMENT
000234891 980__ $$aAUTHORITY